| 000 | 00809cab a2200241 4500 | ||
|---|---|---|---|
| 001 | ABS58532 | ||
| 008 | 090401t1998 xxu||||| |||| 00| 0 eng d | ||
| 035 | _a(Sirsi) u85685 | ||
| 041 | _aeng | ||
| 245 | _aTender price forecast | ||
| 260 | _c1998 | ||
| 350 | _a0 | ||
| 490 |
_aBuilding _v263(16) 17 April 1998, 56-58(3) |
||
| 520 | _aDavis Langdon & Everest`s tender price forecast for the first quarter of 1998 reports that prices have increased by 6% over a single quarter. It forecasts that prices will rise 6-9% each year in the next two years. | ||
| 650 | _a1998 | ||
| 650 | _aCONSTRUCTION OUTPUT | ||
| 650 | _aNEW ORDERS | ||
| 650 | _aTENDER PRICE FORECAST | ||
| 650 | _aBCIS ALL-IN TENDER PRICE INDEX | ||
| 690 | _aBUILT ENVIRONMENT-BUILDING COSTS | ||
| 942 | _n0 | ||
| 948 | _c17/04/1998 | ||
| 999 |
_c53896 _d53896 |
||